MARC details
| 000 -CABECERA |
| campo de control de longitud fija |
04896cam a2200337 i 4500 |
| 001 - NÚMERO DE CONTROL |
| campo de control |
21749527 |
| 005 - FECHA Y HORA DE LA ÚLTIMA TRANSACCIÓN |
| campo de control |
20250325145620.0 |
| 008 - DATOS DE LONGITUD FIJA--INFORMACIÓN GENERAL |
| campo de control de longitud fija |
201013s2021 enk b 001 0 eng |
| 010 ## - NÚMERO DE CONTROL DE LA BIBLIOTECA DEL CONGRESO |
| Número de control de LC |
2020045453 |
| 020 ## - NÚMERO INTERNACIONAL ESTÁNDAR DEL LIBRO |
| Número Internacional Estándar del Libro |
9781509545032 |
| Información calificativa |
(hardback) |
| 040 ## - FUENTE DE LA CATALOGACIÓN |
| Centro catalogador/agencia de origen |
DLC |
| Lengua de catalogación |
eng |
| Normas de descripción |
rda |
| Centro/agencia transcriptor |
DLC |
| Centro/agencia modificador |
DLC |
| 041 1# - CÓDIGO DE LENGUA |
| Código de lengua del texto/banda sonora o título independiente |
eng |
| Código de lengua original |
ita |
| 042 ## - CÃDIGO DE AUTENTICACIÃN |
| Código de autenticación |
pcc |
| 050 00 - SIGNATURA TOPOGRÁFICA DE LA BIBLIOTECA DEL CONGRESO |
| Número de clasificación |
BF378.S65 |
| Número de documento/Ítem |
S5813 2021 |
| 100 ## - ENTRADA PRINCIPAL--NOMBRE DE PERSONA |
| Nombre de persona |
Sisto, Davide, |
| Fechas asociadas al nombre |
1978- |
| Término indicativo de función/relación |
author. |
| 240 10 - TÍTULO UNIFORME |
| Título uniforme |
Ricordati di me. |
| Lenguaje de la obra |
English |
| 245 10 - MENCIÓN DE TÍTULO |
| Título |
Remember me |
| Resto del título |
: memory and forgetting in the digital age |
| Mención de responsabilidad, etc. |
/ Davide Sisto ; translated by Alice Kilgarriff. |
| 264 #1 - PRODUCCIÓN, PUBLICACIÓN, DISTRIBUCIÓN, FABRICACIÓN Y COPYRIGHT |
| Producción, publicación, distribución, fabricación y copyright |
Cambridge, UK ; |
| -- |
Medford, MA : |
| Nombre del de productor, editor, distribuidor, fabricante |
Polity Press, |
| Fecha de producción, publicación, distribución, fabricación o copyright |
[2021] |
| 300 ## - DESCRIPCIÓN FÍSICA |
| Extensión |
viii, 155 pages ; |
| Dimensiones |
22 cm |
| 500 ## - NOTA GENERAL |
| Nota general |
"Originally published in Italian as Ricordati di me: La rivoluzione digitale tra memoria e oblio (c) 2020 Bollati Boringhieri editore, Torin"--Title page verso. |
| 504 ## - NOTA DE BIBLIOGRAFÍA, ETC. |
| Nota de bibliografía, etc. |
Includes bibliographical references (pages 138-147) and index. |
| 505 ## - NOTA DE CONTENIDO CON FORMATO |
| Nota de contenido con formato |
Social Networks and Looking Back —<br/>The past is just a story we tell our followers —<br/>Facebook and Looking Back: #10YearsChallenge, On This Day, Memories —<br/>From Social Networks to Digital Archives —<br/>The Twenty Days of Turin: Facebook in 1977 —<br/>Naked in front of the Computer: Social Networks in the 1990s —<br/>The World Doubled: Reincarnation or the Cocaine of the Future? —<br/>Blogs, Forums, Mailing Lists: A New Life in 56K —<br/>The Era of Shared Passions: An Epidemic of Digital Memories —<br/>Digital Memory as Crazed Mayonnaise: The Past is Emancipated, Identities Multiply —<br/>Collective Cultural Autobiographies and Encyclopedias of the Dead 2.0 —<br/>Experiments in Collective Cultural Autobiography —<br/>Copy and Paste: Writing About Oneself is Like Summing Up the History of the Universe —<br/>Cancer Bloggers: My Message is My Body —<br/>Stories of Cancer Bloggers on YouTube and Facebook —<br/>Facebook: Encyclopedia of the Dead 2.0? —<br/>Autobiographical Memory: Inventing a Forgotten Past —<br/>Disinterred Bodies: Social Networks and Data Flows as Archives —<br/>Total Recall, Digital Immortality, Retromania —<br/>Becoming the Database of Ourselves: Lifelogging and Video-camera Memory —<br/>The Memobile: From Total Recall to Digital Immortality —<br/>The Memory Remains: The Life of Memories Post-Mortem —<br/>Mind-Uploading as a Declaration of Independence for Memories —<br/>Insomnia Inside a Garbage Heap: Funes, or of a Life that Never Forgets —<br/>Creating Space in Memory: Forgetting and Sleep as Forms of Resistance —<br/>The Web as a Melancholy Receptacle of Regret: Hollie Gazzard, The Last Message Received, Wartherapy —<br/>Retromania and Sad Passions: The End of Nostalgia and the Loss of the Future —<br/>San Junipero Exists and Lives in Facebook —<br/>Digital Inheritance and a Return to Oblivion —<br/>Digital Inheritance: What to Do with our Own Memories? —<br/>The Value of Oblivion and the Joy of Being Forgotten. |
| 520 ## - SUMARIO, ETC. |
| Sumario, etc. |
As the end of December draws near, Facebook routinely sends users a short video entitled ‘Your Year on Facebook’. It lasts about a minute and brings together the images and posts that received the highest number of comments and likes over the last year. The video is rounded off with a message from Facebook that reads: ‘Sometimes, looking back helps us remember what matters most. Thanks for being here.’<br/><br/>It is this ‘looking back’, increasingly the focus of social networks, that is the inspiration behind Davide Sisto’s brilliant reflection on how our relationship with remembering and forgetting is changing in the digital era. The past does not really exist: it is only a story we tell ourselves. But what happens when we tell this story not only to ourselves but also to our followers, when it is recorded not only on our social media pages but also on the pages of hundreds or thousands of others, making it something that can be viewed and referenced forever? Social media networks are becoming vast digital archives in which the past merges seamlessly with the present, slowly erasing our capacity to forget. And yet at the same time, our memory is being outsourced to systems that we don’t control and that could become obsolete at any time, cutting us off from our memories and risking total oblivion.<br/><br/>This timely and thoughtful reflection on memory and forgetting in the digital age will be of interest to students and scholars in media studies and to anyone concerned with the ways our social and personal lives are changing in a world increasingly shaped by social media and the internet. |
| 650 #0 - PUNTO DE ACCESO ADICIONAL DE MATERIA--TÉRMINO DE MATERIA |
| Término de materia o nombre geográfico como elemento de entrada |
Memory |
| Subdivisión general |
Social aspects. |
| 650 #0 - PUNTO DE ACCESO ADICIONAL DE MATERIA--TÉRMINO DE MATERIA |
| Término de materia o nombre geográfico como elemento de entrada |
Online social networks |
| 9 (RLIN) |
7708 |
| 650 #0 - PUNTO DE ACCESO ADICIONAL DE MATERIA--TÉRMINO DE MATERIA |
| Término de materia o nombre geográfico como elemento de entrada |
Social media |
| Subdivisión general |
Social aspects. |
| 650 #0 - PUNTO DE ACCESO ADICIONAL DE MATERIA--TÉRMINO DE MATERIA |
| Término de materia o nombre geográfico como elemento de entrada |
Internet |
| Subdivisión general |
Social aspects |
| 9 (RLIN) |
10777 |
| 700 ## - ENTRADA AGREGADA--NOMBRE PERSONAL |
| Nombre de persona |
Kilgarriff, Alice, |
| Término indicativo de función/relación |
translator. |
| 9 (RLIN) |
25024 |
| 942 ## - ELEMENTOS DE ENTRADA AGREGADA (KOHA) |
| Fuente del sistema de clasificación o colocación |
Clasificación de Library of Congress |